000
00319nam a2200157Ia 4500
100
_a
Boyd/Donald W
942
_c
BK
366
_f
25
654
_a
modeling
245
_a
System Analysis and modeling
260
_b
Academic Press
_c
2001
082
_a
4.21
_b
BOY
300
_a
365
546
_a
ENGLISH
999
_c
24211
_d
24211